00999nam a2200265Ia 450000500170000000800410001702000190005808200190007710000300009624501250012625000390025130000610029049000110035153400730036265000280043565000330046365000330049665000260052970000220055526400330057733600270061033700330063733800280067004000350069820220317001047.0160825s2007 ck a g 000 0 spa  a9789583005601204a808.543 bR62g10aRodari, Giannid1920-198010aGramática de la fantasíabintroducción al arte de inventar historiascGianni Rodaribtraducción Alessandra Merlo a1a. edición b4a. reimpredión  a228 páginas bilustraciones en blanco y negro c20 cm  aEnsayo tGrammatica della fantasia. Introduzione all'arte di inventare storie142LEMBaArte de escribir 142LEMB aCreación literaria 142LEMB aPerceptiva literaria 142LEMB aImaginación 1 aMerlo, Alessandra aBogotábPanamericanac2007 atextobtxt2rdacontent asin mediaciónbn2rdamedia avolumenbnc2rdacarrier aCO-BoRNBPbspaerdacCO-BoRNBP